Cardiopulmonary Physical Therapy: Management and Case Studies (Record no. 4199)
[ view plain ]
| 000 -記錄標示 | |
|---|---|
| fixed length control field | 00394nam a2200145Ia 4500 |
| 003 - 控制號標識 | |
| 控制識別號 | yeezen |
| 005 - 最後更新時間 | |
| control field | 20240102145549.0 |
| 008 - 定長欄資料代碼 | |
| fixed length control field | 180207s9999||||xx |||||||||||||| ||und|| |
| 020 ## - 國際標準書號 | |
| 價格與相關資訊 | NT2330 |
| 國際標準書號 | 978-1-61711-029-0 |
| 100 ## - 主要款目--主要著者 | |
| 個人姓名 | Chung |
| 245 #0 - 題名及著者敘述項 | |
| 著者敍述 | Chung |
| 正題名 | Cardiopulmonary Physical Therapy: Management and Case Studies |
| 260 ## - 出版項 | |
| 出版年 | 2014 |
| 500 ## - 一般註 | |
| 一般註 | 放置單位_復健中心 |
| 942 ## - 附加款目元素 (KOHA) | |
| 分類法來源 | 中文圖書分類法 |
| Koha 館藏類型 | 長期借閱書籍 |
| 撤銷狀態 | 遺失狀態 | 分類號來源 | 損壞狀態 | 不外借 | 永久館藏地 | 現在館藏地 | 採購日期 | 全部借出 | 全部續借 | 完整索書號 | 條碼號 | 最後一次日期記錄 | Date last checked out | 一般價格有效日期 | Koha館藏類型 |
|---|---|---|---|---|---|---|---|---|---|---|---|---|---|---|---|
| 未註銷館藏 | 未遺失 | 中文圖書分類法 | 未損毀 | 可外借 | 怡仁綜合醫院圖書館 | 怡仁綜合醫院圖書館 | 2018-02-07 | 12 | 8 | WF145 | E01204 | 2024-12-11 | 2024-08-15 | 2018-02-07 | 一般圖書 |